Traditional Authorities in Process : (Record no. 944)

MARC details
000 -LEADER
fixed length control field 00557nam a22001577a 4500
005 - DATE AND TIME OF INPUT
control field 20231124123448.0
008 - DATA ELEMENTS--GENERAL INFORMATION
fixed length control field 231124b |||||||| |||| 00| 0 eng d
041 ## - LANGUAGE CODE
Language code of text English
082 ## - SHELF NUMBER
DDC number 340.5 PAT
100 ## - MAIN AUTHOR
Main author's name Patemann, H
Language of a work English
245 ## - TITLE STATEMENT
Title Traditional Authorities in Process :
Sub-title Tradition, colonial distortion and re-appropriation within the secular, democratic and unitary state of Namibia /
Statement of responsibility, etc. H Patemann
260 ## - PUBLICATION, DISTRIBUTION, ETC.
Date of publication, distribution, etc. 2002
300 ## - PHYSICAL DESCRIPTION
Other physical details 181 pages ;
Dimensions 30 cm.
650 ## - SUBJECT`
Broad subject Legal practice
Own subject terms Law
942 ## - ADDED ENTRY ELEMENTS (KOHA)
Item type Books
942 ## - ADDED ENTRY ELEMENTS (KOHA)
-- ALISON_BN_VRIES
Holdings
Source of classification or shelving scheme Not for loan Collection code Home library Current library Shelving location Date acquired Full call number Barcode Price effective from Koha item type
Dewey Decimal Classification   TEXT BOOKS LAW SOCIETY OF NAMIBIA LIBRARY - WINDHOEK LAW SOCIETY OF NAMIBIA LIBRARY - WINDHOEK Customary law 11/24/2023 340.5 PAT LSN/2003/25 11/24/2023 Books